000 00338nam a2200145Ia 4500
100 _aAICTE
942 _cBK
654 _acomputer
245 _aCreating HTML Document C-NO : 650
260 _bContinuing Education Programmer AICTE
_aBangalore
_c1997
082 _a4.65
_bAICTE
300 _a52
546 _aENGLISH
999 _c30316
_d30316